| 000 | 00561nam a22001817a 4500 | ||
|---|---|---|---|
| 003 | OSt | ||
| 005 | 20251126135444.0 | ||
| 008 | 251126b |||||||| |||| 00| 0 eng d | ||
| 020 | _a0-15-500423-9. | ||
| 040 |
_aDWCL-Main lib _cOC |
||
| 082 | _aCirc. 657 B978 1979 | ||
| 100 | _aBusch, Marilyn F. | ||
| 245 |
_aStudy guide to accompany ISTVAN/AVERY accounting principles/ _cBusch, Marilyn F. |
||
| 260 |
_aN. Y. : _bHarcourt Brace Jovanovich, Inc., _cc1979. |
||
| 300 |
_a467 p. ; _c28 cm. |
||
| 650 | _aAccounting-Study guides. | ||
| 942 |
_2ddc _cBK-CIRC _kCirc. _n0 |
||
| 999 |
_c6401 _d6401 |
||